Células y virus.

Guardado en:
Formato: Deslizar
Series:Educable
Materias:
Etiquetas: Agregar Etiqueta
Sin Etiquetas, Sea el primero en etiquetar este registro!
LEADER 00878ngm a22002295g 4500
001 CEM.cems022202
008 130507b1996##################0###0#####d
005 20241009174817.0
245 0 0 |a Células y virus. 
300 |a 23'. 
490 0 |a Educable 
500 |a En soporte VHS, consultar en ventanilla. 
505 0 |a Células: unidades básicas. Distintos tipos: funciones, necesidades. Proteínas. Energía de las células. Reproducción celular. ADN. Cromosomas. Virus. Inmunigaciones. Microscopio electrónico. Desarrollo del virus. Anticuerpos. 
538 |a Soporte: VHS - Norma: Pal N - Color - Grabación DRD 1996 - Hitachi=1270 
082 6 1 |/ TVQ 
653 |a BIOLOGIA 
653 |a ANATOMIA 
653 |a CELULA 
653 |a VIRUS 
653 |a NIVEL SECUNDARIO 
653 |a NIVEL PRIMARIO 
859 |a CEMS  |b BIB. CEMS - Depto. Recursos Didacticos  |h 612  |i TVQ  |k DRD  |p 845.12  |t Ej.1